| 000 | 00854nam a2200217 a 4500 | ||
|---|---|---|---|
| 001 | BRCA_2203 | ||
| 005 | 20190320203719.0 | ||
| 008 | 981028s1997 mx-#---###---s000-0dspa-d | ||
| 040 |
_aEMU _cEMU _dDLC |
||
| 050 | 4 |
_aBX1431.A8 _b.S26 1997 |
|
| 245 | 1 | 0 |
_aSan Félix Papa _bpatrono espiritual de la Villa de Atlixco _cnoticia biográfica Pedro Angel Palou. |
| 260 |
_aPuebla _bSecretaría de Cultura _c1997 |
||
| 300 |
_a93 p. _c28 cm. |
||
| 600 | 1 | 4 |
_aFelix _cSaint, Bishop of Tubyza _dd. 303 _vFuentes _xCulto _zMéxico _96634 |
| 650 | 1 | 4 |
_aSantuarios cristianos _vFuentes _zMéxico _96635 |
| 650 | 1 | 4 |
_aIglesia católica _vFuentes _zMéxico _96636 |
| 651 | 4 |
_aAtlixco (México) _vFuentes _xHistoria de iglesias _ySiglo XVI _96637 |
|
| 700 | 1 |
_aVázquez y Sánchez Vizcaíno, Francisco Pablo _d1769-1847 _96638 |
|
| 700 | 1 |
_aPalou, Pedro Angel _96447 |
|
| 942 |
_2lcc _cB |
||
| 999 |
_c1959 _d1959 |
||